000 00318nam a2200133Ia 4500
005 20251221000920.0
008 251220s1990||||xx |||||||||||||| ||spa||
082 _a340.9/M26
100 _aMarín López, Antonio
245 0 _a Derecho Internacional Privado Español
250 _a7ma.ed.
942 _cLIB
942 _cP01
999 _c412
_d412